Self-reliance and national resilience

Bibliographic Details
Main Author: Subrahmanyam, K. (Author)
Format: Book
Published: New Delhi : Abhinav , 1975
Subjects:

MARC

LEADER 00000cam a2200000 7i4500
001 0000007194
005 20070514093000.0
008 021119s1975
090 0 0 |a JX1571.27.I5   |b S443 
245 0 0 |a Self-reliance and national resilience   |c edited by K. Subrahmanyam 
260 2 |a New Delhi :   |b Abhinav ,   |c 1975 
300 |a 190 p. ; ;   |c 22 cm. 
651 0 |a Asia   |x Politics and government 
651 0 |a India   |x Foreign relations   |z Indonesia 
651 0 |a Indonesia   |x Foreign relations   |z India 
700 0 |a Subrahmanyam, K. ,   |e author 
999 |a 1000022038   |b Book   |c OPEN SHELF (30 DAYS)   |e Gong Badak Campus 
999 |a 1000022039   |b Book   |c OPEN SHELF (30 DAYS)   |e Gong Badak Campus